00446nam a2200157Ia 450000500170000000800410001704000190005804100120007708200160008910000300010524500440013526000420017930000100022165000470023185000100027820230316112145.0131103s9999 xx 000 0 und d aLoreto College aEnglish a891.44bMUK aMukherjee, Dhurjutiprasad aAmra o taharacDhurjutiprasad Mukherjee aCalcuttabIndian Associated Pubc1956 a186p  aEnglish Literature - History and Criticism aLCLIB